[Event "Oberwart Open"]
[Site "Oberwart AUT"]
[Date "1991.??.??"]
[Round "?"]
[White "Razuvaev, Yuri S"]
[Black "Ilincic, Zlatko"]
[Result "1-0"]
[WhiteElo "2585"]
[BlackElo "2490"]
[PlyCount "81"]
[EventDate "1991.07.??"]
[Source "www.chesslib.no"]
[SourceDate "2004.05.04"]

1. d4 f5 2. g3 g6 3. Bg2 Nf6 4. b3 Bg7 5. Bb2 O-O 6. Nf3 c5 7. c4 cxd4 8. Nxd4 d5 9. cxd5 Nxd5 10. O-O Nc7 11. Na3 Qd7 12. Qc2 e5 13. Nab5 Nxb5 14. Qc4+ Kh8 15. Nxb5 a6 16. Nc7 Ra7 17. Rac1 Nc6 18. Nd5 Qf7 19. Qc5 Re8 20. Qb6 e4 21. Bxg7+ Kxg7 22. Nb4 Be6 23. Nxc6 bxc6 24. Rxc6 a5 25. f3 exf3 26. Bxf3 a4 27. Qd4+ Kh6 28. bxa4 Bxa2 29. Rfc1 Ree7 30. a5 Red7 31. Qf4+ Kg7 32. Qe5+ Kh6 33. a6 Bd5 34. Rf6 Qg8 35. e4 Bxe4 36. Bxe4 Re7 37. Qd5 Qb8 38. Bf3 Qb2 39. Rfc6 Rxa6 40. Qc4 Rxc6 41. Qh4+ 1-0

[Event "ESP"]
[Site "ESP"]
[Date "1992.??.??"]
[Round "?"]
[White "Illescas Cordoba, Miguel"]
[Black "Franco Ocampos, Zenon"]
[Result "1-0"]
[WhiteElo "2555"]
[BlackElo "2520"]
[PlyCount "59"]
[EventDate "1992.??.??"]
[Source "www.chesslib.no"]
[SourceDate "2004.05.04"]

1. Nf3 d6 2. d4 f5 3. g3 Nf6 4. Bg2 g6 5. b3 Bg7 6. Bb2 O-O 7. Nbd2 c6 8. O-O Kh8 9. Ne1 Be6 10. Nd3 Nbd7 11. c4 d5 12. Qc2 Bf7 13. Nf3 Ne4 14. Nfe5 Nxe5 15. Nxe5 Be6 16. Nd3 Qb6 17. e3 Rad8 18. a4 a5 19. Ba3 Rfe8 20. Rfc1 Bc8 21. cxd5 cxd5 22. Bf1 g5 23. Qc7 Qh6 24. Bxe7 Rd7 25. Qxc8 Rdxe7 26. Qxf5 Nd2 27. Rc8 g4 28. Bg2 Nxb3 29. Rb1 Nd2 30. Rxb7 1-0

[Event "Saarlouis-Roden(24.05.-01.06)"]
[Site "?"]
[Date "1998.??.??"]
[Round "6"]
[White "Kengis Edvins"]
[Black "Mainka Romuald"]
[Result "1-0"]
[WhiteElo "2565"]
[BlackElo "2500"]
[PlyCount "69"]
[EventDate "1998.??.??"]
[Source "www.chesslib.no"]
[SourceDate "2004.05.04"]

1. Nf3 d6 2. d4 f5 3. g3 Nf6 4. Bg2 g6 5. O-O Bg7 6. b4 O-O 7. Bb2 a5 8. b5 c6 9. a4 Kh8 10. c4 Be6 11. Nbd2 Bg8 12. Ne1 Qc7 13. Nd3 Nbd7 14. Rc1 e5 15. dxe5 dxe5 16. e4 Rae8 17. Re1 f4 18. c5 fxg3 19. hxg3 h5 20. Nc4 Bxc4 21. Rxc4 Qd8 22. Bh3 Qe7 23. Rc2 Kh7 24. Qe2 Bh6 25. Kg2 Qf7 26. Rd1 Re7 27. Ne1 Qb3 28. Qc4 Qxc4 29. Rxc4 Ng4 30. Bxg4 hxg4 31. Rd6 Nf6 32. bxc6 bxc6 33. Rxc6 Nh5 34. Rd6 Rf3 35. Bxe5 1-0

[Event "Pyramiden Franken Cup"]
[Site "Fuerth"]
[Date "1998.??.??"]
[Round "5"]
[White "Gabriel, Christian"]
[Black "Kalinitschew, Sergey"]
[Result "1/2-1/2"]
[WhiteElo "2555"]
[BlackElo "2505"]
[PlyCount "115"]
[EventDate "1998.08.??"]
[Source "www.chesslib.no"]
[SourceDate "2004.05.04"]

1. d4 f5 2. g3 Nf6 3. Bg2 d6 4. Nf3 c6 5. O-O g6 6. c3 Bg7 7. Qb3 e6 8. Nbd2 O-O 9. Re1 d5 10. Ne5 Nbd7 11. Nd3 b6 12. a4 Ne4 13. a5 Ba6 14. Nxe4 fxe4 15. Nf4 Qe8 16. f3 e5 17. dxe5 Qxe5 18. fxe4 Nc5 19. Qb4 d4 20. Bd2 Nxe4 21. cxd4 Qe8 22. Be3 bxa5 23. Qb3+ Kh8 24. Rxa5 Bc8 25. d5 cxd5 26. Rxd5 Bf5 27. Bd4 Bxd4+ 28. Rxd4 Rb8 29. Rb4 Qe5 30. Nd3 Qd6 31. Ra1 Rxb4 32. Qxb4 Qxb4 33. Nxb4 Rb8 34. Nc6 Rxb2 35. g4 Nc3 36. gxf5 Nxe2+ 37. Kf1 gxf5 38. Ra4 Nc3 39. Rxa7 Nd1 40. Re7 f4 41. Be4 Rxh2 42. Nd4 Ne3+ 43. Kg1 Rh3 44. Ne6 Rg3+ 45. Kf2 Ng4+ 46. Kf1 Nf6 47. Bf5 Nd5 48. Rf7 Ne3+ 49. Kf2 Nxf5 50. Rxf5 h5 51. Rxf4 Rg6 52. Rf8+ Kh7 53. Re8 Rf6+ 54. Kg3 Kg6 55. Nf4+ Kf5 56. Nxh5 Ra6 57. Re3 Ra4 58. Kf3 1/2-1/2

[Event "Manresa Terres Catalanes"]
[Site "?"]
[Date "1996.??.??"]
[Round "8"]
[White "Ubilava, E."]
[Black "Garcia, D."]
[Result "1/2-1/2"]
[WhiteElo "2540"]
[BlackElo "2520"]
[PlyCount "64"]
[EventDate "1996.??.??"]
[Source "www.chesslib.no"]
[SourceDate "2004.05.04"]

1. d4 f5 2. g3 Nf6 3. Bg2 d6 4. b3 c6 5. Nd2 e5 6. dxe5 dxe5 7. Bb2 e4 8. Nc4 Bb4+ 9. c3 Bc5 10. Qxd8+ Kxd8 11. Nh3 Be6 12. Ba3 Bxa3 13. Nxa3 Nbd7 14. f3 exf3 15. exf3 Re8 16. Kf2 Nd5 17. Rac1 Kc7 18. Rhe1 h6 19. Nc2 Nc5 20. Bf1 a5 21. Nd4 Bd7 22. Nf4 Nxf4 23. gxf4 g6 24. Rxe8 Rxe8 25. b4 Ne6 26. Nxe6+ Bxe6 27. Re1 axb4 28. cxb4 b6 29. Re3 Kd6 30. h4 Ra8 31. a3 Ra7 32. Be2 Re7 1/2-1/2

[Event "Brisbane AUS, Xstrata ch 2006"]
[Site "?"]
[Date "2006.01.07"]
[Round "9"]
[White "Ftacnik Lubomir"]
[Black "Lane Gary W"]
[Result "1/2-1/2"]
[WhiteElo "2612"]
[BlackElo "2445"]
[PlyCount "102"]
[EventDate "2006.??.??"]
[Source "www.chesslib.no"]
[SourceDate "2004.05.04"]

1. d4 f5 2. Nf3 Nf6 3. g3 g6 4. Bg2 Bg7 5. b3 O-O 6. Bb2 d6 7. O-O Qe8 8. Nbd2 Nc6 9. Nc4 e6 10. a4 h6 11. e3 g5 12. Ne1 a5 13. Nd3 b6 14. Na3 Bb7 15. Nb5 Rc8 16. c4 Nd8 17. f3 Nf7 18. Ba3 c5 19. Ra2 Qe7 20. g4 Nh8 21. Re1 fxg4 22. fxg4 Ne4 23. d5 exd5 24. cxd5 Ng6 25. Nf4 gxf4 26. exf4 Nxf4 27. Rxe4 Be5 28. Bb2 Qf6 29. Bxe5 dxe5 30. Nc3 Rcd8 31. Rd2 Rf7 32. Re3 Nxg2 33. Rxg2 Rdf8 34. h3 Qf4 35. Qd3 Kh8 36. Re4 Qc1+ 37. Kh2 Rf3 38. Ne2 Rxd3 39. Nxc1 Rd1 40. Rg1 Rf2+ 41. Kg3 Rxg1+ 42. Kxf2 Rxc1 43. Rxe5 Ba6 44. Re6 c4 45. bxc4 Bxc4 46. Rxh6+ Kg7 47. Rxb6 Bxd5 48. Rb5 Bc6 49. Rxa5 Rc2+ 50. Kg3 Rc3+ 51. Kh4 Bg2 1/2-1/2

[Event "JUG Team Ch"]
[Site "Cetinje"]
[Date "1993.??.??"]
[Round "10"]
[White "Simic, Radoslav"]
[Black "Malaniuk, Vladimir P"]
[Result "1-0"]
[WhiteElo "2455"]
[BlackElo "2600"]
[PlyCount "91"]
[EventDate "1993.??.??"]
[Source "www.chesslib.no"]
[SourceDate "2004.05.04"]

1. Nf3 f5 2. b3 d6 3. d4 g6 4. Bb2 Bg7 5. Nbd2 Nf6 6. g3 O-O 7. Bg2 Nc6 8. Nc4 Qe8 9. O-O h6 10. a4 a5 11. e3 Be6 12. Qe2 Bd5 13. Rad1 g5 14. Na3 Bf7 15. Nb5 Rc8 16. Ne1 Bh5 17. Bf3 Bxf3 18. Qxf3 e6 19. c4 Ne4 20. Qe2 g4 21. f3 gxf3 22. Nxf3 Nb4 23. Nh4 Rf7 24. d5 Bxb2 25. Qxb2 Kh7 26. Qe2 c5 27. Qh5 Rd7 28. Qxe8 Rxe8 29. dxe6 Rxe6 30. Rxf5 Ree7 31. Rf8 d5 32. cxd5 Nxd5 33. Nf5 Ndf6 34. Rd8 Rxd1+ 35. Rxd1 Rf7 36. h3 Kg6 37. Nh4+ Kh5 38. Nf5 Kg6 39. g4 h5 40. Nh4+ Kh7 41. gxh5 Nxh5 42. Ng2 Rf3 43. Rd7+ Kh6 44. Nd6 Ng5 45. Nh4 Nf6 46. Nxf3 1-0

[Event "12th open"]
[Site "Kavala"]
[Date "2003.??.??"]
[Round "4"]
[White "Avrukh, Boris"]
[Black "Dzhumaev, Marat"]
[Result "1-0"]
[WhiteElo "2557"]
[BlackElo "2495"]
[PlyCount "69"]
[EventDate "2003.08.08"]
[Source "Roberto Alvarez"]
[SourceDate "2003.08.18"]

1. d4 f5 2. g3 Nf6 3. Nf3 g6 4. c4 d6 5. b4 c6 6. Bb2 a5 7. b5 cxb5 8. cxb5 a4 9. Nc3 Nbd7 10. Bg2 Nb6 11. O-O Bg7 12. Rb1 O-O 13. d5 Bd7 14. Nd4 Nc4 15. Ba1 Qa5 16. Ne6 Bxe6 17. dxe6 Na3 18. Rc1 Qb6 19. e3 Nc4 20. Qd4 Qxd4 21. exd4 Nd2 22. Rfd1 Nde4 23. Nxe4 Nxe4 24. Rc7 Bf6 25. f3 Ng5 26. d5 h5 27. Bxf6 Rxf6 28. Rd4 f4 29. gxf4 Nh7 30. Rxe7 Rff8 31. Rd7 Nf6 32. Rxd6 Rfc8 33. Rb6 Rc2 34. d6 Kf8 35. Rxb7 1-0

[Event "Master Tournament"]
[Site "Dortmund"]
[Date "1999.07.09"]
[Round "1"]
[White "Petrosian, Arshak B"]
[Black "Mikhalchishin, Adrian"]
[Result "1/2-1/2"]
[WhiteElo "2508"]
[BlackElo "2542"]
[PlyCount "37"]
[EventDate "1999.07.09"]
[Source "ChessBase"]
[SourceDate "1999.10.01"]

1. d4 f5 2. Nf3 Nf6 3. g3 d6 4. Bg2 c6 5. c4 Qc7 6. Nc3 e5 7. O-O Be7 8. dxe5 dxe5 9. e4 O-O 10. exf5 Bxf5 11. Ng5 Na6 12. Nge4 Nc5 13. Qe2 Rad8 14. Nxf6+ Bxf6 15. Ne4 Nxe4 16. Bxe4 Bxe4 17. Qxe4 Rd4 18. Qe2 e4 19. Bf4 1/2-1/2

[Event "tt"]
[Site "?"]
[Date "1997.??.??"]
[Round "10"]
[White "Almasi Istvan"]
[Black "Chernin Alexander"]
[Result "0-1"]
[WhiteElo "2415"]
[BlackElo "2635"]
[PlyCount "78"]
[EventDate "1997.??.??"]
[Source "www.chesslib.no"]
[SourceDate "2004.05.04"]

1. Nf3 f5 2. d4 d6 3. g3 Nf6 4. Bg2 g6 5. O-O Bg7 6. Nbd2 O-O 7. Re1 Ng4 8. h3 Nh6 9. e4 f4 10. g4 e5 11. dxe5 dxe5 12. b3 Nf7 13. a4 Qf6 14. Bb2 Rd8 15. Kh2 Nc6 16. Bf1 Be6 17. Qc1 a6 18. Bc4 Bf8 19. Bxe6 Qxe6 20. Qd1 Nb4 21. Qc1 b5 22. Bc3 Qb6 23. Re2 Nc6 24. Ne1 Bc5 25. Nd3 Bd4 26. Bb2 Ng5 27. h4 Bxb2 28. Qxb2 Nd4 29. Ree1 Ngf3+ 30. Nxf3 Nxf3+ 31. Kg2 Nxh4+ 32. Kh3 Nf3 33. Red1 Qe6 34. axb5 Ng5+ 35. Kh4 Nf3+ 36. Kh3 h5 37. Rg1 Kf7 38. Rxa6 Rxa6 39. bxa6 Nxg1+ 0-1

[Event "JUG-Cup final"]
[Site "Pula CRO"]
[Date "1991.??.??"]
[Round "2"]
[White "Kozul, Zdenko"]
[Black "Ilincic, Zlatko"]
[Result "1-0"]
[WhiteElo "2580"]
[BlackElo "2470"]
[PlyCount "77"]
[EventDate "1991.??.??"]
[Source "www.chesslib.no"]
[SourceDate "2004.05.04"]

1. d4 f5 2. g3 g6 3. Bg2 Nf6 4. Nh3 Bg7 5. O-O O-O 6. Nd2 d6 7. c3 c6 8. Qb3+ Kh8 9. Ng5 Qb6 10. Re1 d5 11. Ndf3 h6 12. Nh3 Be6 13. Ne5 Kh7 14. Qa3 Qd8 15. Nf4 Bf7 16. c4 g5 17. Nxf7 Rxf7 18. Ne6 Qd7 19. Nc5 Qc8 20. Nd3 e6 21. Ne5 Rc7 22. Bd2 Nbd7 23. cxd5 cxd5 24. Rac1 Nxe5 25. dxe5 Ne4 26. Bxe4 dxe4 27. Qd6 Rc6 28. Rxc6 Qxc6 29. Rc1 Qe8 30. Rc7 Rd8 31. Qb4 Rb8 32. Bc3 a6 33. Re7 Qh5 34. Qc4 Re8 35. Rxe6 Rxe6 36. Qxe6 Qxe2 37. Qxf5+ Kh8 38. e6 Bxc3 39. e7 1-0

[Event "JUG Ch"]
[Site "Kladovo"]
[Date "1991.??.??"]
[Round "12"]
[White "Damljanovic, Branko"]
[Black "Ivkov, Borislav"]
[Result "1-0"]
[WhiteElo "2560"]
[BlackElo "2485"]
[PlyCount "83"]
[EventDate "1991.02.??"]
[Source "www.chesslib.no"]
[SourceDate "2004.05.04"]

1. Nf3 f5 2. g3 Nf6 3. Bg2 d6 4. d4 g6 5. b3 Bg7 6. Bb2 O-O 7. O-O Ng4 8. h3 Nh6 9. Qc1 e6 10. Nc3 d5 11. e3 Nf7 12. Ne2 g5 13. c4 c6 14. Ne5 Nd7 15. f4 gxf4 16. gxf4 Nf6 17. Ba3 Re8 18. Qe1 Ne4 19. Kh2 Nh6 20. Rg1 Kh8 21. Bf3 Bf8 22. Bxf8 Rxf8 23. Rg2 Qe7 24. c5 Rg8 25. Rxg8+ Nxg8 26. Bxe4 dxe4 27. Qg3 Bd7 28. Rg1 Rf8 29. d5 cxd5 30. Nd4 Nf6 31. Qh4 Be8 32. Rg6 Ng4+ 33. Rxg4 Qxh4 34. Rxh4 Rf6 35. b4 a6 36. Nb3 Kg7 37. Na5 Bc6 38. Naxc6 bxc6 39. Nxc6 e5 40. Nxe5 Rf8 41. Rh5 h6 42. c6 1-0

[Event "24th Open"]
[Site "Bad Woerishofen GER"]
[Date "2008.03.01"]
[Round "3"]
[White "Burmakin, V."]
[Black "Pirrot, D."]
[Result "1-0"]
[WhiteElo "2611"]
[BlackElo "2429"]
[PlyCount "135"]
[EventDate "2008.02.28"]
[Source "www.chesslib.no"]
[SourceDate "2004.05.04"]

1. d4 f5 2. g3 Nf6 3. Bg2 e6 4. Nf3 Be7 5. O-O O-O 6. b3 d6 7. Bb2 Qe8 8. Nbd2 Qh5 9. Ne1 Nc6 10. e4 Qxd1 11. Rxd1 fxe4 12. Nxe4 Nxe4 13. Bxe4 Bf6 14. f4 a5 15. c3 a4 16. b4 Na7 17. Nc2 d5 18. Bd3 Bd7 19. Na3 b6 20. Rfe1 c5 21. bxc5 bxc5 22. Nc2 c4 23. Bf1 Nb5 24. a3 g6 25. Nb4 Kf7 26. Bh3 Ra7 27. Re3 Be7 28. Nc2 Rb8 29. Bc1 Nd6 30. Nb4 Ne4 31. Bg2 Bxb4 32. cxb4 Nd6 33. g4 Bc6 34. Rh3 Kg8 35. Re1 Ne4 36. Bxe4 dxe4 37. Rc3 Bd5 38. Be3 Rf7 39. Rf1 Rbb7 40. Rf2 Rb8 41. Kf1 Rbf8 42. Ke2 g5 43. fxg5 Rf3 44. Rxf3 exf3+ 45. Kf2 Kg7 46. h4 Rf7 47. Rc1 Rf8 48. Bd2 Rc8 49. b5 Rb8 50. Rb1 Rc8 51. Bb4 Kg8 52. b6 c3 53. Rc1 c2 54. Ke3 Kf7 55. Bc5 e5 56. Rxc2 e4 57. Rb2 Bb7 58. Rb4 Ra8 59. Rc4 Bd5 60. Rc3 Rc8 61. Bb4 Rxc3+ 62. Bxc3 Ke8 63. Be1 Kd7 64. h5 Kc6 65. g6 hxg6 66. h6 Bg8 67. Kxe4 Kxb6 68. g5 1-0

[Event "Budapest FS09 GM"]
[Site "Budapest"]
[Date "1993.??.??"]
[Round "9"]
[White "Csom, Istvan"]
[Black "Dao Thien Hai"]
[Result "1/2-1/2"]
[WhiteElo "2475"]
[BlackElo "2565"]
[PlyCount "49"]
[EventDate "1993.09.??"]
[Source "ChessBase"]

1. Nf3 f5 2. d4 Nf6 3. g3 g6 4. Bg2 Bg7 5. b3 O-O 6. Bb2 d6 7. O-O Ng4 8. Qc1 Qe8 9. d5 Nf6 10. c4 c6 11. Nc3 Na6 12. Rb1 Bd7 13. Ba1 Nc7 14. Rd1 h6 15. dxc6 Bxc6 16. a4 g5 17. Nd5 Bxd5 18. cxd5 Rc8 19. Qe3 b6 20. Bxf6 Bxf6 21. Qd3 Bg7 22. Rbc1 Qd7 23. Rc2 Na6 24. Rxc8 Qxc8 25. Nd2 1/2-1/2

[Event "DSV-Turnier"]
[Site "Leipzig"]
[Date "1977.??.??"]
[Round "9"]
[White "Knaak, Rainer"]
[Black "Lutikov, Anatoly S"]
[Result "1/2-1/2"]
[WhiteElo "2500"]
[BlackElo "2540"]
[PlyCount "91"]
[EventDate "1977.12.01"]
[Source "www.chesslib.no"]
[SourceDate "2004.05.04"]

1. d4 f5 2. g3 g6 3. h4 Nh6 4. h5 Nf7 5. Bg2 d5 6. hxg6 hxg6 7. Rxh8 Nxh8 8. Bg5 Nf7 9. Qd2 c6 10. Nc3 Nd7 11. Nf3 Nb6 12. b3 Qd6 13. Bf4 Qa3 14. Ne5 Nxe5 15. Bxe5 Be6 16. f3 Nd7 17. Bf4 Bf7 18. Kf2 Bg7 19. Rd1 e5 20. dxe5 Nxe5 21. Qe3 Qe7 22. Bg5 Qe6 23. Na4 Nd7 24. Qxe6+ Bxe6 25. Be3 Ke7 26. Bd4 Bxd4+ 27. Rxd4 c5 28. Rh4 Rc8 29. Rh7+ Bf7 30. Rh1 b5 31. Nb2 b4 32. Rd1 c4 33. Ke3 a5 34. Na4 Nf6 35. Rd2 Rb8 36. Rd1 Be8 37. Nc5 Bb5 38. Kd4 Nh5 39. g4 Ng3 40. Re1 cxb3 41. axb3 Nxe2+ 42. Ke5 Re8 43. gxf5 Kf7+ 44. Kd6 gxf5 45. Bf1 d4 46. f4 1/2-1/2

[Event "Pula"]
[Site "?"]
[Date "1999.??.??"]
[Round "?"]
[White "Hulak, K."]
[Black "Malaniuk, V."]
[Result "0-1"]
[WhiteElo "2490"]
[BlackElo "2550"]
[PlyCount "56"]
[EventDate "1999.??.??"]
[Source "Chess Informant"]
[SourceDate "1999.06.01"]

1. g3 f5 2. d4 Nf6 3. Bg2 g6 4. b3 Bg7 5. Bb2 d6 6. Nd2 O-O 7. e4 fxe4 8. Nxe4 Nxe4 9. Bxe4 Nc6 10. Ne2 e5 11. d5 Ne7 12. Bg2 c6 13. c4 cxd5 14. cxd5 Qa5+ 15. Bc3 Qa6 16. h3 Bf5 17. O-O Bd3 18. Re1 Rac8 19. Rc1 Bh6 20. f4 Nf5 21. Kh2 Bxe2 22. Rxe2 Nxg3 23. Rf2 Nh5 24. Qg4 Bxf4+ 25. Rxf4 Nxf4 26. Bxe5 Rxc1 27. Bxf4 Rxf4 28. Qxf4 Rc2 0-1

[Event "Gelsenkirchen"]
[Site "?"]
[Date "1991.??.??"]
[Round "?"]
[White "Hug, W."]
[Black "Vyzmanavin, A."]
[Result "1/2-1/2"]
[WhiteElo "2435"]
[BlackElo "2605"]
[PlyCount "29"]
[EventDate "1991.??.??"]
[Source "ChessBase"]
[SourceDate "1991.06.01"]

1. Nf3 f5 2. g3 Nf6 3. Bg2 d6 4. d4 g6 5. O-O Bg7 6. b3 O-O 7. Bb2 Qe8 8. Nbd2 Nc6 9. Nc4 e6 10. e3 Bd7 11. a4 Rd8 12. Qe1 Ne4 13. Nfd2 d5 14. Nxe4 fxe4 15. Na5 1/2-1/2

[Event "MK Cafe Cup-A"]
[Site "Koszalin"]
[Date "1998.08.03"]
[Round "1"]
[White "Schmidt, Wlodzimierz"]
[Black "Malaniuk, Vladimir P"]
[Result "1/2-1/2"]
[WhiteElo "2445"]
[BlackElo "2590"]
[PlyCount "37"]
[EventDate "1998.08.03"]
[Source "ChessBase"]
[SourceDate "1998.09.09"]

1. Nf3 f5 2. d4 Nf6 3. g3 g6 4. b3 Bg7 5. Bb2 O-O 6. Bg2 d6 7. O-O Qe8 8. Nbd2 Nc6 9. Re1 e5 10. dxe5 dxe5 11. e4 f4 12. Nc4 Bg4 13. h3 Rd8 14. Qe2 Bxf3 15. Bxf3 fxg3 16. fxg3 Qe6 17. Qg2 Nd4 18. Bd1 Kh8 19. a4 1/2-1/2

[Event "Passau"]
[Site "?"]
[Date "1997.??.??"]
[Round "?"]
[White "Ftacnik, L."]
[Black "Schmittdiel, E."]
[Result "1-0"]
[WhiteElo "2595"]
[BlackElo "2440"]
[PlyCount "71"]
[EventDate "1997.??.??"]
[Source "ChessBase"]
[SourceDate "1997.02.01"]

1. d4 f5 2. g3 Nf6 3. Bg2 c6 4. Nf3 d5 5. O-O e6 6. b3 Nbd7 7. c4 Ne4 8. Qc2 Bd6 9. Ba3 Bxa3 10. Nxa3 Qe7 11. Qb2 O-O 12. Rac1 a5 13. e3 Ng5 14. Nxg5 Qxg5 15. Nb1 Qe7 16. Nc3 Kh8 17. a3 dxc4 18. bxc4 e5 19. Rfd1 e4 20. Na4 c5 21. Nxc5 Nxc5 22. dxc5 Qxc5 23. Rd5 Qc7 24. c5 Bd7 25. Rcd1 Bc6 26. Rd6 Rad8 27. h4 Rxd6 28. Rxd6 Qf7 29. Bf1 Qe7 30. h5 Rf6 31. h6 Kg8 32. Bc4+ Kf8 33. Ba2 Be8 34. Qd4 Rxd6 35. cxd6 Qf6 36. Qd5 1-0

[Event "Zepter op"]
[Site "Minsk"]
[Date "1998.05.01"]
[Round "7"]
[White "Chernuschevich, Alexei"]
[Black "Malaniuk, Vladimir P"]
[Result "1/2-1/2"]
[WhiteElo "2435"]
[BlackElo "2600"]
[PlyCount "56"]
[EventDate "1998.04.25"]
[Source "ChessBase"]
[SourceDate "1998.07.07"]

1. d4 f5 2. Nf3 Nf6 3. g3 g6 4. Bg2 Bg7 5. b4 d6 6. Bb2 Nc6 7. a3 e5 8. dxe5 Ng4 9. Nbd2 Ncxe5 10. Nxe5 Nxe5 11. Nc4 Qe7 12. Nxe5 Bxe5 13. Bxe5 dxe5 14. O-O O-O 15. Qd5+ Kg7 16. Rfd1 f4 17. Qc5 Qxc5 18. bxc5 Rb8 19. Rab1 b6 20. cxb6 axb6 21. Rb4 Kf6 22. gxf4 exf4 23. Rdd4 g5 24. e3 fxe3 25. fxe3 Be6 26. c4 h6 27. h4 Rg8 28. c5 bxc5 1/2-1/2

[Event "Fridrik's It., Reykjavik"]
[Site "Reykjavik"]
[Date "1995.??.??"]
[Round "?"]
[White "Olafsson, F."]
[Black "Smyslov, V."]
[Result "1/2-1/2"]
[WhiteElo "2465"]
[BlackElo "2565"]
[PlyCount "81"]
[EventDate "1995.??.??"]
[Source "www.chesslib.no"]
[SourceDate "2004.05.04"]

1. Nf3 f5 2. g3 g6 3. Bg2 Bg7 4. d4 Nf6 5. O-O O-O 6. c3 d6 7. Nbd2 Nc6 8. b4 Qe8 9. Qb3+ Kh8 10. b5 Nd8 11. a4 e5 12. dxe5 dxe5 13. Ba3 Rg8 14. e4 Nf7 15. exf5 gxf5 16. Rfe1 e4 17. c4 Be6 18. Nd4 Rd8 19. N2f3 Ng4 20. Bb2 Nfe5 21. Nxe6 Qxe6 22. Nxe5 Nxe5 23. Rad1 Qxc4 24. Qxc4 Nxc4 25. Bxg7+ Kxg7 26. Rc1 Rd4 27. Bf1 Ne5 28. Rxc7+ Kf6 29. Be2 Rg7 30. Rxg7 Kxg7 31. a5 Nf3+ 32. Bxf3 exf3 33. h3 Kf6 34. a6 bxa6 35. bxa6 Rd3 36. Rc1 Ra3 37. Kh2 Ke5 38. Rc7 Rxa6 39. Rc3 Ra1 40. Rxf3 a5 41. Re3+ 1/2-1/2

[Event "Akropolis"]
[Site "Athens"]
[Date "1992.??.??"]
[Round "4"]
[White "Skembris, Spyridon"]
[Black "Santo Roman, Marc"]
[Result "1-0"]
[WhiteElo "2530"]
[BlackElo "2495"]
[PlyCount "67"]
[EventDate "1992.05.??"]
[Source "ChessBase"]

1. Nf3 f5 2. b3 d6 3. d4 Nf6 4. g3 g6 5. Bg2 Bg7 6. Bb2 O-O 7. O-O Ne4 8. Nbd2 Nc6 9. c4 e5 10. d5 Nxd2 11. Qxd2 Nb8 12. Ng5 Qe7 13. Rad1 h6 14. Ne6 Bxe6 15. dxe6 Nc6 16. c5 Rfd8 17. cxd6 Qxd6 18. Qd5 Qb4 19. a3 Rxd5 20. axb4 Rxd1 21. Rxd1 e4 22. Bxg7 Kxg7 23. f3 exf3 24. Bxf3 Ne5 25. Bxb7 Re8 26. Rc1 Re7 27. b5 Kf6 28. Bd5 Ng4 29. b4 Ne3 30. Bb3 Ke5 31. h3 Kd4 32. Kf2 g5 33. Rc6 Rh7 34. Ra6 1-0

[Event "Gemersky Pohar"]
[Site "?"]
[Date "1991.??.??"]
[Round "4"]
[White "Lutz"]
[Black "Cejtlin"]
[Result "1/2-1/2"]
[WhiteElo "2545"]
[BlackElo "2480"]
[PlyCount "90"]
[EventDate "1991.??.??"]
[Source "www.chesslib.no"]
[SourceDate "2004.05.04"]

1. d4 f5 2. Nf3 Nf6 3. g3 g6 4. Bg2 Bg7 5. O-O O-O 6. b3 Nc6 7. Bb2 Ne4 8. Qc1 d5 9. c4 e6 10. e3 g5 11. Nc3 g4 12. Ne1 Ne7 13. Nd3 Ng6 14. Ne2 c6 15. Ndf4 Qe8 16. Ba3 Nxf4 17. Nxf4 Rf6 18. Qd1 h5 19. f3 Ng5 20. Nd3 Rh6 21. Bd6 b6 22. Rc1 Bb7 23. Bf4 Bf6 24. Qc2 Rh7 25. Be5 Be7 26. Nf4 Rc8 27. fxg4 hxg4 28. Nxe6 Nxe6 29. Qxf5 Bg5 30. cxd5 Bxe3+ 31. Kh1 Rh5 32. Qxg4+ Rg5 33. Qxe6+ Qxe6 34. dxe6 Bxc1 35. Rxc1 Re8 36. Bf4 Rg6 37. Bh3 c5+ 38. Kg1 cxd4 39. Rc7 Rg7 40. Rd7 Bc8 41. Rd6 Rg6 42. Bf5 Rf6 43. g4 Bxe6 44. Bg5 Rxf5 45. gxf5 Bxf5 1/2-1/2

[Event "ROM-ch"]
[Site "Herculane"]
[Date "1996.??.??"]
[Round "10"]
[White "Dumitrache, Dragos"]
[Black "Marin, Mihail"]
[Result "0-1"]
[WhiteElo "2495"]
[BlackElo "2530"]
[PlyCount "70"]
[EventDate "1996.12.??"]
[Source "ChessBase"]

1. d4 d6 2. Nf3 f5 3. g3 Nf6 4. Bg2 g6 5. c3 Bg7 6. Qb3 e6 7. Nbd2 Nc6 8. O-O O-O 9. Re1 d5 10. a4 a5 11. Qc2 Ne4 12. Nb3 g5 13. Nfd2 e5 14. Nxe4 fxe4 15. Be3 exd4 16. cxd4 h6 17. Rac1 Rf7 18. Qd2 Qd6 19. Rc3 Nb4 20. f3 exf3 21. exf3 Na2 22. Rc5 b6 23. f4 bxc5 24. dxc5 Qf8 25. Bxd5 Bh3 26. fxg5 c6 27. Bxf7+ Qxf7 28. gxh6 Rf8 29. Bf4 Bxh6 30. Nxa5 Bxf4 31. Qxf4 Qd5 32. Qc4 Nb4 33. b3 Nd3 34. Rd1 Rf2 35. Qxd5+ cxd5 0-1

[Event "Stockholm"]
[Site "Stockholm"]
[Date "1997.??.??"]
[Round "11"]
[White "Olafsson, Helgi"]
[Black "Akesson, Ralf"]
[Result "0-1"]
[WhiteElo "2505"]
[BlackElo "2520"]
[PlyCount "120"]
[EventDate "1997.??.??"]
[Source "www.chesslib.no"]
[SourceDate "2004.05.04"]

1. Nf3 f5 2. g3 Nf6 3. Bg2 g6 4. b3 Bg7 5. Bb2 O-O 6. d4 d6 7. Nbd2 Nc6 8. O-O Qe8 9. Nc4 e6 10. a4 a5 11. e3 Bd7 12. Qe2 h6 13. Rad1 g5 14. Ne1 Qg6 15. Nd3 h5 16. h4 gxh4 17. Nf4 Qh6 18. gxh4 Rae8 19. Nh3 Ne4 20. Nf4 Nf6 21. Nh3 Ng4 22. Bxc6 Bxc6 23. Nxa5 Bd5 24. Bc1 b6 25. Nc4 Qg6 26. Nf4 Qf7 27. f3 Nf6 28. Kh2 Bb7 29. Bb2 Bh6 30. Rg1+ Kh7 31. Rg5 Rg8 32. Rdg1 Nd5 33. Nh3 Bxg5 34. Nxg5+ Rxg5 35. hxg5 Rg8 36. Bc1 Rg7 37. Bd2 Kg8 38. b4 Qf8 39. b5 Ne7 40. Be1 Qa8 41. Nd2 Qxa4 42. c4 Qc2 43. e4 Ng6 44. Qe3 fxe4 45. fxe4 e5 46. Rf1 exd4 47. Qh3 Qc3 48. Qe6+ Kh7 49. Rf6 Qe3 50. Rf7 Qxg5 51. Nf3 Qg2+ 52. Kxg2 Nf4+ 53. Kf2 Nxe6 54. Rxg7+ Kxg7 55. Nxd4 Nxd4 56. Bc3 Kf7 57. Bxd4 Bxe4 58. Ke3 Bf5 59. Kd2 h4 60. Bg1 Kf6 0-1

[Event "Bad Wiessee (23.10.-31.10.)"]
[Site "?"]
[Date "1999.10.26"]
[Round "4"]
[White "Rustemov Alexander"]
[Black "Renner Christoph"]
[Result "1/2-1/2"]
[WhiteElo "2573"]
[BlackElo "2448"]
[PlyCount "44"]
[EventDate "1999.??.??"]
[Source "www.chesslib.no"]
[SourceDate "2004.05.04"]

1. d4 f5 2. g3 g6 3. Bg2 Bg7 4. Nf3 Nf6 5. b4 d6 6. Bb2 a5 7. b5 Nbd7 8. c4 e5 9. dxe5 Ng4 10. Qc2 dxe5 11. h3 Nh6 12. c5 O-O 13. c6 bxc6 14. bxc6 Nb6 15. Bxe5 Bxe5 16. Nxe5 f4 17. Nxg6 fxg3 18. Nxf8 gxf2+ 19. Kxf2 Qh4+ 20. Kg1 Qe1+ 21. Kh2 Ng4+ 22. hxg4 Qh4+ 1/2-1/2

[Event "Cebu"]
[Site "Cebu"]
[Date "1992.??.??"]
[Round "5"]
[White "Murshed, Niaz"]
[Black "Ye Rongguang"]
[Result "1/2-1/2"]
[WhiteElo "2505"]
[BlackElo "2515"]
[PlyCount "20"]
[EventDate "1992.05.??"]
[Source "ChessBase"]

1. d4 f5 2. g3 Nf6 3. Bg2 e6 4. c3 d5 5. Bf4 Bd6 6. Nh3 O-O 7. Nd2 c5 8. Bxd6 Qxd6 9. dxc5 Qxc5 10. Nf4 Rd8 1/2-1/2